Bezpečnosť informácií ako súčasť riadenia rizík v medzinárodnej firme bakalárska práca

Guardado en:
Detalles Bibliográficos
Autor principal: Eliášová, Romana
Autor Corporativo: Obchodná fakulta EU. Katedra medzinárodného obchodu
Otros Autores: Královičová, Michaela
Formato: Libro
Lenguaje:eslovaco
Publicado: Bratislava 2016
Etiquetas: Agregar Etiqueta
Sin Etiquetas, Sea el primero en etiquetar este registro!

MARC

LEADER 00000nbm a2200000 4500
001 0218809
005 20180405150136.3
041 0 |a slo 
044 |a SK 
245 1 0 |a Bezpečnosť informácií ako súčasť riadenia rizík v medzinárodnej firme  |b bakalárska práca  |c Romana Eliášová ; školiteľ: Michaela Královičová 
264 1 |a Bratislava  |c 2016 
300 |a 65 s. 
100 1 |a Eliášová, Romana 
700 1 |a Královičová, Michaela 
710 2 |a Obchodná fakulta EU. Katedra medzinárodného obchodu